01528cam a22003255a 45000010009000000050017000090080041000260200025000670400028000920430012001200820025001322450076001572500012002332600048002453000049002935000024003425040031003666500010003976510043004076510049004506530034004996550024005337000041005579420025005989990017006239520162006409520123008029520138009259520139010631795672520151004114735.0131127t2013 enkabd frb f001 0 eng d a9780199608270 (pbk.) aDLCbengcDLCdEG-ScBUE aaw-----04a327.5600904bINT22200aInternational relations of the Middle East /cedited by Louise Fawcett. a3rd ed. aOxford :bOxford University Press,cc.2013. axv, 408 p. :bcharts, maps, tables ;c25 cm. aIndex : p. 388-408. aBibliography : p. 363-387. 2BUEsh 0aMiddle EastxForeign relations.2BUEsh 0aMiddle EastxPolitics and government.2BUEsh bBUSBOLcJuly2015cOctober2015 vReading book9342321 aFawcett, Louise L'Estrange,eeditor. 2ddck327.5600904 INT c20228d20200 00102ddc40708BaccahaMAINbMAINc1STd2015-07-06epurchaseg240.00h22353l4m31o327.5600904 INTp000038967r2025-07-15 00:00:00s2017-10-16v300.00yBB 00102ddc40708BaccahaMAINbMAINc1STd2015-10-01ePurchasel0o327.5600904 INTp000031000r2025-07-15 00:00:00yBB 00102ddc40708BaccahaMAINbMAINc1STd2015-10-01ePurchasel3m2o327.5600904 INTp000031001r2025-10-23 00:00:00s2025-10-16yBB 00102ddc40708BaccahaMAINbMAINc1STd2015-10-01ePurchasel3m30o327.5600904 INTp000031002r2025-07-15 00:00:00s2018-09-24yBB